Lana Del Rey Lyrics Quiz - Statistics

General Stats
  • This quiz has been taken 2,300 times
  • The average score is 9 of 15
Answer Stats
Hint Answer % Correct
Swinging in the backyard, pull up in your fast car, whistling my name... Video Games
98%
Feet don't fail me now, take me to the finish line, Oh my heart it breaks every step that I take... Born To Die
79%
I've been out on that open road, you can be my full-time daddy, White and Gold Ride
77%
They say I'm too young to love you, They don't know what I need.. Brooklyn Baby
75%
Not even they can stop me now, Boy I'll be flying overhead. Radio
66%
Blue hydrangea, cold cash divine, cashmere, cologne, and white sunshine.. Old Money
63%
Elvis is my daddy, Marilyn's my mother, Jesus is my bestest friend. Body Electric
60%
Remember how we used to party up all night, sneaking out and looking for a taste of real life... This Is What Makes Us Girls
59%
You said I was the most exotic flower, holding me tight in our final hour... Million Dollar Man
52%
Share my body and my mind with you, that's all over now. Cruel World
50%
Playhouse, put my favorite record on, Get down, get your crystal method on.. American
45%
I like the snake on your tattoo, I like the ivy and the ink blue... Yayo
42%
Sometimes I wake up in the morning to red, blue, and yellow skies.. God Knows I Tried
38%
Everything is fine now, let sleeping dogs lay, All our minds made up now, all our beds are made.. Religion
37%
Put your white tennis shoes on and follow me, Why work so hard when you could just be free? Swan Song
36%
No matching quizzes found
Score Distribution
Percent of People with Each Score
Percentile by Number Answered
Your Score History
You have not taken this quiz